000 00650nam a2200253 a 4500
999 _c8397
_d8397
001 8397
003 BD-JhCC
005 20180222172304.0
008 180222s1965 i a|||| || | 001 0 eng d
035 _a(BD-JhCC)8397
040 _aBD-JhCC
_dBD-JhCC
041 _aeng
082 _a541
_bPAL 1965
100 _aPalit, Santi Ranjan
245 _aElementary Physics Chemistry /
_cSanti Ranjan Palit,
250 _a6th ed.
260 _aCalcutta :
_bJoy Publishers,
_c1973.
300 _a428 p. :
_bill. ;
_c22 cm.
504 _aIncludes Index
650 _aChemistry
650 _aPhysics and Theoretical
942 _2ddc
_cBK